LEADER 01248nam a2200277 i 4500 001 000000157598 003 CaOOAMICUS 005 20070112000000.0 008 070112s1985 it u000 u ita u 013 $a134954 040 $aSeMil$bita 100 1 $aOltrona Visconti, Gian Domenico.$0(OLS)http://semarc/name/61503 245 10$aLonate Pozzolo :$bstoria, arte, società /$cTesti di Gian Domenico Oltrona Visconti ... [et al.] ; coordinamento di Franco Bertolli, Elisa Bottini, Rino Garatti. 260 $aGavirate (VA) :$bNicolini,$ccopyr. 1985. 300 $a407 p. :$briccamente ill. ;$c32 cm. 500 $aFondo Card. Giovanni Colombo. 650 4$aLonate Pozzolo - Storia.$0(OLS)http://semarc/subject/29426 700 1 $aGaratti, Rino.$0(OLS)http://semarc/name/61505 700 1 $aBottini, Elisa.$0(OLS)http://semarc/name/61504 700 1 $aBertolli, Franco.$0(OLS)http://semarc/name/18346 850 $aSeMil 852 $aSeMil$W1$xVenegono$y1$m3P VI 115$j109280$B109280$CSeMilBibl$Z2$F118794 $81 941 1 $a3 961 $aLascito: Colombo Card. Giovanni 996 $6245$aLonate Pozzolo :$bstoria, arte, società$9(OLS)http://semarc/title/231129 996 $6260$aGavirate (VA) :$bNicolini$9(OLS)http://semarc/publisher/40215 LEADER 01097nam a2200241 i 4500 001 000000108402 003 CaOOAMICUS 005 20040212000000.0 008 040212s1997 it u000 u ita u 013 $a81057 040 $aSeMil$bita 100 1 $aFagiolo, Marcello.$0(OLS)http://semarc/name/5808 245 10$aGiardino e teatro dall'Antico al Novecento /$cMarcello Fagiolo, Maria Giusti Adriana, Vincenzo Cazzato. 300 $a263 p. :$briccamente ill. 500 $aContiene : Bibliografia essenziale. - In preliminari : Dedica autografa al Card. C.M. Martini. - In custodia. - Fondo Card. C.M. Martini. 700 1 $aCazzato, Vincenzo.$0(OLS)http://semarc/name/45531 700 1 $aGiusti, Maria Adriana.$0(OLS)http://semarc/name/45530 773 0 $tSpecchio del paradiso.$d[Trieste] : RAS, copyr. 1996-copyr. 1998.$w()11012 850 $aSeMil 852 $aSeMil$W1$xVenegono$y1$m5G VII 14$j64498$B64498$CSeMilBibl$Z2$F79896 $8I 941 1 $a4 961 $aOmaggio: Martini Card. Carlo Maria 996 $6245$aGiardino e teatro dall'Antico al Novecento$9(OLS)http://semarc/title/157198